000 00559nam a2200193Ia 4500
005 20250326142314.0
008 250326s9999 xx 000 0 und d
020 _a81-203-1175-2
037 _aTextbook
040 _aFMSL
_beng
_cFMSL
041 _aeng
_2eng
084 _aX:74 N4
_qFMSL
100 _aHawryszkiewycs I T
245 0 _aIntroduction to system analysis and design
_cHawryszkiewycs I T
260 _aNew Delhi
_bNew Delhi, Prentice-Hall of India
_c1994
300 _axv,490
942 _cTB
_hX:74 N4
999 _c1294391
_d1294391